Tintin - Personnages des Cigares du Pharaon - Mort subite - Statistiques

Statistiques générales
  • Ce quiz a été pris 55 fois
  • Le résultat moyen est 7 sur 15
Answers on the Grid
Answers color-coded by a green-red scale on the quiz's grid according to % correct below.
Le capitaine Archibald Haddock
Dupond et Dupont
Le professeur Tryphon Tournesol
Bianca Castafiore
Roberto Rastapopoulos
Le général Alcazar
Nestor
Séraphin Lampion
Allan Thompson
Tchang Tchong Jen
Wang Jen-Ghié
Le professeur Philémon Siclone
Le maharadjah de Rawhajpoutalah
Le maharadjah de Gopal
Le Senhor Oliveira da Figueira
J.M. Dawson
Le docteur J.W. Müller
Patrash Pasha
Mrs Snowball
Tharkey
Le fakir des frères de Kih-Oskh
Foudre bénie
Omar Ben Salaad
Madame-la-vache-qui-regarde-passer-les trains
La vache qui bloque l'entrée d'une rue
Mr Snowball
Le fils du maharadjah
Zlotzky
Le docteur Finney
Youssouf Ben Moulfrid
Mohammed Ben Kalish Ezab
Vieux frère
 
Statistiques - réponses
Réponse % Correct
Dupond et Dupont
77%
Roberto Rastapopoulos
71%
Le professeur Philémon Siclone
58%
Le Senhor Oliveira da Figueira
55%
Le fils du maharadjah
48%
Le maharadjah de Rawhajpoutalah
48%
Le fakir des frères de Kih-Oskh
45%
Mrs Snowball
45%
Madame-la-vache-qui-regarde-passer-les trains
39%
Mr Snowball
39%
Allan Thompson
32%
Le docteur Finney
32%
Zlotzky
32%
Patrash Pasha
29%
Vieux frère
16%
Aucun quiz correspondant
Distribution des résultats
% des personnes avec chaque résultat
Percentile par nombre de réponses
Votre historique - résultats
Vous n’avez pas pris ce quiz